000 00603nam a2200205Ia 4500
003 IN-BaIIA
008 211028s9999 xx 000 0 eng d
020 _a0-12-395050-3
040 _cIIA Library
080 _a535
_bKAM
100 _aKaminow, Ivan P
_98073
245 3 _aAn Introduction to electro optic devices
_cIvan P. Kaminow
260 _aNew York
_bAcademic Press
_c1974
300 _axiv, 409p.
650 _a Crystal optics 
_98074
650 _a Dielectrics 
_98075
650 _a Electro-optical devices
_98076
650 _aAstronomy and astrophysics thesaurus 
_91143
942 _cBK
999 _c4584
_d4584